| 000 | 00991cam a2200301Ia 4500 | ||
|---|---|---|---|
| 001 | 5496064 | ||
| 003 | ARRUPE | ||
| 005 | 20160926113429.0 | ||
| 008 | 051116s2005 rh ac bkq 001 0 eng | ||
| 020 | _a0797427910 | ||
| 035 | _a(OCoLC)ocm62281341 | ||
| 035 | _a(NNC)5496064 | ||
| 040 |
_aOI@ _cOI@ _dNNC |
||
| 050 | _aML3503.Z55J46 2005 | ||
| 100 | 1 |
_aJenje-Makwenda, Joyce. _926065 |
|
| 245 | 1 | 0 |
_aZimbabwe township music / _cJoyce Jenje-Makwenda ; [editor, Gibson Mandishona]. |
| 250 | _a1st ed. | ||
| 260 |
_aHarare : _bJoyce Jenje Makwenda, _c2005. |
||
| 300 |
_a200 p. : _bill. (some col.), ports. ; _c26 cm. |
||
| 504 | _aIncludes bibliographical references and index. | ||
| 650 | 0 |
_aPopular music _zZimbabwe _xHistory and criticism. _926066 |
|
| 650 | 0 |
_aMusicians _zZimbabwe _xHistory and criticism. _926067 |
|
| 700 | 1 |
_aMandishona, Gibson. _926068 |
|
| 942 |
_2lcc _cMONOGRAPH |
||
| 948 | 1 |
_a20060124 _bc _cpg2032 _dMPS |
|
| 948 | 2 |
_a20060518 _ba _cimb1 _dMPS |
|
| 999 |
_c125314 _d125314 |
||